000
00284nam a2200109Ia 4500
008
190216s9999||||xx |||||||||||||| ||und||
100
_a
Bageerathi Amma Thamburan Raghava Varma
245
2
_a
A R Raja Raja Varma Vol Iii
260
_b
Current Books
650
_a
Niroopanam
942
_c
BK
999
_c
23904
_d
23904